[Event "Paris-ch IdF"]
[Site "Paris"]
[Date "2023.07.14"]
[Round "6"]
[White "Shchekachev, Andrei"]
[Black "Bottazzi, Ulysse"]
[Result "1-0"]
[WhiteElo "2505"]
[BlackElo "2200"]
[PlyCount "80"]
[EventDate "2023.07.11"]
[EventType "swiss"]
[EventRounds "9"]
[EventCountry "FRA"]
[SourceTitle "CBM 215 Extra"]
[Source "ChessBase"]
[SourceDate "2023.09.30"]
[SourceVersion "1"]
[SourceVersionDate "2023.09.30"]
[SourceQuality "1"]

1. Nf3 Nf6 2. c4 g6 3. Nc3 Bg7 4. e4 d6 5. d4 0-0 6. Be2 e5 7. 0-0 Nc6 8. d5 Ne7 9. a4 Nd7 10. a5 f5 11. b4 Nf6 12. Nd2 f4 13. c5 g5 14. f3 Ng6 15. Ba3 Rf7 16. b5 dxc5 17. Bxc5 Bf8 18. Bf2 h5 19. d6 Qxd6 20. Bc4 Be6 21. Bxe6 Qxe6 22. Qb3 Qe7 23. Nd5 Nxd5 24. exd5 g4 25. Ne4 Kh8 26. b6 axb6 27. axb6 Rxa1 28. Rxa1 cxb6 29. Bxb6 Nh4 30. Ra8 Kg7 31. Bd8 Qb4 32. Qxb4 Nxf3+ 33. gxf3 Bxb4 34. d6 Kg6 35. Be7 gxf3 36. Kf2 Kf5 37. Kxf3 b6 38. Ra4 Bc5 39. Nxc5 bxc5 40. d7 e4+ 1-0

[Event "Paris-ch IdF"]
[Site "Paris"]
[Date "2023.07.13"]
[Round "4"]
[White "Shchekachev, Andrei"]
[Black "Harshavardhan, GB."]
[Result "1/2-1/2"]
[WhiteElo "2505"]
[BlackElo "2405"]
[PlyCount "57"]
[EventDate "2023.07.11"]
[EventType "swiss"]
[EventRounds "9"]
[EventCountry "FRA"]
[SourceTitle "CBM 215 Extra"]
[Source "ChessBase"]
[SourceDate "2023.09.30"]
[SourceVersion "1"]
[SourceVersionDate "2023.09.30"]
[SourceQuality "1"]

1. Nf3 Nf6 2. c4 e6 3. Nc3 Bb4 4. Qc2 0-0 5. b3 d6 6. Bb2 e5 7. e3 Nc6 8. Ne2 a5 9. a3 Bc5 10. Ng3 Re8 11. Bd3 Qe7 12. Ng5 h6 13. N5e4 Nxe4 14. Bxe4 Qh4 15. 0-0 Be6 16. Kh1 Qd8 17. f4 f6 18. Bd5 Bxd5 19. cxd5 Ne7 20. fxe5 fxe5 21. Qc4 Qd7 22. Ne4 Ba7 23. a4 Kh8 24. Rf3 Rf8 25. Raf1 Ng6 26. h3 Rxf3 27. Rxf3 Rf8 28. Rxf8+ Nxf8 29. g4 1/2-1/2

[Event "Clichy Rapid op"]
[Site "Clichy"]
[Date "2023.07.09"]
[Round "9"]
[White "Shchekachev, Andrei"]
[Black "Vekemans, Sylvain"]
[Result "1-0"]
[WhiteElo "2505"]
[BlackElo "1932"]
[PlyCount "125"]
[EventDate "2023.07.09"]
[EventType "swiss (rapid)"]
[EventRounds "9"]
[EventCountry "FRA"]
[SourceTitle "CBM 215 Extra"]
[Source "ChessBase"]
[SourceDate "2023.09.30"]
[SourceVersion "1"]
[SourceVersionDate "2023.09.30"]
[SourceQuality "1"]

1. Nf3 g6 2. e4 Bg7 3. d4 c5 4. c4 cxd4 5. Nxd4 Nc6 6. Be3 Nf6 7. Nc3 d6 8. Be2 0-0 9. 0-0 Nd7 10. Qd2 Re8 11. Rad1 Nde5 12. h3 Nxd4 13. Bxd4 Be6 14. b3 Qa5 15. Qb2 Bh6 16. Nd5 Bxd5 17. exd5 Nd7 18. f4 e5 19. dxe6 fxe6 20. Bc3 Qc5+ 21. Kh1 Rf8 22. Qd2 Nf6 23. Bf3 Rad8 24. Qe2 Qc8 25. Rfe1 Kf7 26. g3 Rfe8 27. Bg2 Bg7 28. Qf3 d5 29. Bxf6 Bxf6 30. cxd5 exd5 31. Rxe8 Rxe8 32. Qxd5+ Kg7 33. Qd7+ Qxd7 34. Rxd7+ Re7 35. Rxe7+ Bxe7 36. Bxb7 Kf6 37. Kg2 g5 38. Kf3 gxf4 39. gxf4 Ke6 40. Ke4 Bc5 41. Bd5+ Kf6 42. Bc4 Bd6 43. Be2 h6 44. Bg4 Bc7 45. Bc8 Bd6 46. Bg4 Bc7 47. h4 Kg6 48. h5+ Kf6 49. Be2 Bd6 50. Bb5 Bc7 51. Be8 Bd6 52. Bg6 Ke6 53. f5+ Kf6 54. Kd5 Bg3 55. b4 Bf2 56. a4 Ke7 57. Kc6 Be1 58. b5 Bf2 59. a5 Kd8 60. f6 Be1 61. b6 axb6 62. a6 b5 63. a7 1-0

[Event "FRA-ch Rapid"]
[Site "Asnieres sur Seine"]
[Date "2023.06.25"]
[Round "4"]
[White "El Zein, Bassam"]
[Black "Shchekachev, Andrei"]
[Result "0-1"]
[WhiteElo "1572"]
[BlackElo "2508"]
[PlyCount "114"]
[EventDate "2023.06.25"]
[EventType "swiss (rapid)"]
[EventRounds "9"]
[EventCountry "FRA"]
[SourceTitle "CBM 214 Extra"]
[Source "ChessBase"]
[SourceDate "2023.07.31"]
[SourceVersion "1"]
[SourceVersionDate "2023.07.31"]
[SourceQuality "1"]

1. d4 Nf6 2. Bg5 e6 3. e4 h6 4. Bxf6 Qxf6 5. Nc3 Bb4 6. Qd3 c5 7. Nf3 cxd4 8. Nxd4 Nc6 9. Nxc6 bxc6 10. Be2 0-0 11. 0-0 d5 12. exd5 cxd5 13. Nb5 a6 14. Nd4 Bc5 15. Nb3 Bb6 16. c3 a5 17. Bf3 Ba6 18. Qd2 Bxf1 19. Rxf1 a4 20. Nc1 Rac8 21. Nd3 a3 22. Rc1 axb2 23. Qxb2 Ba5 24. Nb4 Bxb4 25. Qxb4 Rc4 26. Qb3 Rfc8 27. Be2 Rxc3 28. Rxc3 Qxc3 29. Qb7 Qc6 30. Qb3 Ra8 31. h3 Qa4 32. Qb7 Qa7 33. Qc6 Qxa2 34. Bh5 Qa1+ 35. Kh2 Qe5+ 36. g3 Rb8 37. Bg4 h5 38. Bf3 h4 39. Bg2 hxg3+ 40. fxg3 Qe2 41. Qc5 Rb2 42. Qg1 d4 43. Kh1 d3 44. Bf1 Qf3+ 45. Bg2 Rxg2 46. Qxg2 Qxg2+ 47. Kxg2 d2 48. h4 d1Q 49. Kh3 f5 50. Kh2 Kf7 51. Kg2 Kf6 52. h5 Kg5 53. h6 gxh6 54. g4 Kxg4 55. Kf2 Qd2+ 56. Kf1 Kf3 57. Kg1 Qg2# 0-1

[Event "FRA-ch Rapid"]
[Site "Asnieres sur Seine"]
[Date "2023.06.25"]
[Round "5"]
[White "Shchekachev, Andrei"]
[Black "Neves, Vincent"]
[Result "1-0"]
[WhiteElo "2508"]
[BlackElo "1778"]
[PlyCount "45"]
[EventDate "2023.06.25"]
[EventType "swiss (rapid)"]
[EventRounds "9"]
[EventCountry "FRA"]
[SourceTitle "CBM 214 Extra"]
[Source "ChessBase"]
[SourceDate "2023.07.31"]
[SourceVersion "1"]
[SourceVersionDate "2023.07.31"]
[SourceQuality "1"]

1. Nf3 d5 2. d4 Nf6 3. c4 dxc4 4. e3 e6 5. Bxc4 c5 6. 0-0 a6 7. Nc3 b5 8. Be2 Nbd7 9. d5 exd5 10. Nxd5 Bb7 11. Nxf6+ Nxf6 12. Qd3 Qd7 13. Qd4 Qd8 14. Qxd8+ Rxd8 15. a4 c4 16. axb5 axb5 17. Nd4 b4 18. Bxc4 Bc5 19. Nb3 Be7 20. Bb5+ Nd7 21. Rd1 Bc8 22. Ra7 f5 23. Rc7 1-0

[Event "FRA-ch Blitz"]
[Site "Asnieres sur Seine"]
[Date "2023.06.24"]
[Round "8"]
[White "Lagarde, Maxime"]
[Black "Shchekachev, Andrei"]
[Result "0-1"]
[WhiteElo "2597"]
[BlackElo "2508"]
[PlyCount "152"]
[EventDate "2023.06.24"]
[EventType "swiss (blitz)"]
[EventRounds "13"]
[EventCountry "FRA"]
[SourceTitle "CBM 214 Extra"]
[Source "ChessBase"]
[SourceDate "2023.07.31"]
[SourceVersion "1"]
[SourceVersionDate "2023.07.31"]
[SourceQuality "1"]

1. e4 c5 2. Nf3 e6 3. b3 a6 4. Bb2 Nc6 5. g3 d6 6. Bg2 e5 7. 0-0 Nf6 8. Nc3 g6 9. d3 Bg7 10. Nd2 Nd4 11. Nc4 h5 12. h3 Be6 13. Nd5 Bxd5 14. exd5 Nf5 15. a4 b5 16. axb5 axb5 17. Rxa8 Qxa8 18. Nxd6+ Nxd6 19. Bxe5 Qd8 20. Qa1 0-0 21. Qa6 Nfe8 22. Bf4 g5 23. Be3 Bd4 24. c3 Bxe3 25. fxe3 Qe7 26. e4 Qe5 27. Qa1 Qxg3 28. Qd1 Ng7 29. Kh1 g4 30. Qe2 Re8 31. Rg1 Ndf5 32. Bf1 Qf4 33. Qh2 Qf3+ 34. Qg2 Ng3+ 35. Kh2 Nxf1+ 36. Rxf1 Qxd3 37. Re1 Qxc3 38. Re2 Qe5+ 39. Qg3 Qxg3+ 40. Kxg3 Nf5+ 41. Kf4 Nd4 42. Rg2 Nxb3 43. hxg4 hxg4 44. e5 c4 45. d6 c3 46. Rxg4+ Kf8 47. Rh4 Kg7 48. Rg4+ Kh7 49. Rh4+ Kg6 50. Rg4+ Kh5 51. Rg5+ Kh6 52. Rg2 Nd4 53. Rh2+ Kg7 54. Rg2+ Kf8 55. Rh2 Kg7 56. Rg2+ Kf8 57. Rh2 Ne6+ 58. Kf5 Kg8 59. Kf6 Nf4 60. d7 Rd8 61. Ke7 Rxd7+ 62. Kxd7 b4 63. Rc2 Ne6 64. Ke7 Nd4 65. Rg2+ Kh7 66. Kf6 c2 67. Rh2+ Kg8 68. Rg2+ Kf8 69. Rg1 b3 70. Ra1 Ke8 71. Ra8+ Kd7 72. Ra4 c1Q 73. Rxd4+ Ke8 74. Rh4 Qf1+ 75. Kg7 b2 76. e6 fxe6 0-1